Engaging the supply chain in R&D (Record no. 68223)
[ view plain ]
| 000 -LEADER | |
|---|---|
| fixed length control field | 01128cam a2200229 4500 |
| 001 - CONTROL NUMBER | |
| control field | ABS64328 |
| 008 - FIXED-LENGTH DATA ELEMENTS--GENERAL INFORMATION | |
| fixed length control field | 010911n2001 000 0 eng u |
| 035 ## - SYSTEM CONTROL NUMBER | |
| System control number | (Sirsi) u114515 |
| 100 ## - MAIN ENTRY--PERSONAL NAME | |
| Personal name | Kay, P |
| 245 ## - TITLE STATEMENT | |
| Title | Engaging the supply chain in R&D |
| 260 ## - PUBLICATION, DISTRIBUTION, ETC. | |
| Date of publication, distribution, etc. | 2001 |
| 490 ## - SERIES STATEMENT | |
| Series statement | Contract Journal |
| Volume/sequential designation | 410(6340) 15 August 2001, 14-15(2) |
| 520 ## - SUMMARY, ETC. | |
| Summary, etc. | A report on the research and development carried out by Taylor Woodrow in order to help benefit its construction and property business. Taylor Woodrow aims to engage the whole supply chain and own the total lifecycle of building projects in order to explore the process fully. Taylor Woodrow is part of the European Network of Construction Companies for Research and Development (ENCORD); ENCORD aims to increase the profile of R&D in the construction industry. |
| 590 ## - LOCAL NOTE (RLIN) | |
| Local note | ABS |
| 650 ## - SUBJECT ADDED ENTRY--TOPICAL TERM | |
| Topical term or geographic name entry element | RESEARCH AND DEVELOPMENT |
| 650 ## - SUBJECT ADDED ENTRY--TOPICAL TERM | |
| Topical term or geographic name entry element | EUROPEAN NETWORK OF CONSTRUCTION COMPANIES FOR RESEARCH AND DEVELOPMENT |
| 650 ## - SUBJECT ADDED ENTRY--TOPICAL TERM | |
| Topical term or geographic name entry element | LIFE CYCLE ANALYSIS |
| 650 ## - SUBJECT ADDED ENTRY--TOPICAL TERM | |
| Topical term or geographic name entry element | TAYLOR WOODROW |
| 650 ## - SUBJECT ADDED ENTRY--TOPICAL TERM | |
| Topical term or geographic name entry element | SUPPLY CHAIN MANAGEMENT |
| 690 ## - LOCAL SUBJECT ADDED ENTRY--TOPICAL TERM (OCLC, RLIN) | |
| Topical term or geographic name as entry element | BUILDING AND CONSTRUCTION-MANAGEMENT |
| 942 ## - ADDED ENTRY ELEMENTS (KOHA) | |
| Suppress in OPAC | 0 |
| Withdrawn status | Lost status | Source of classification or shelving scheme | Damaged status | Not for loan | Home library | Current library | Shelving location | Date acquired | Total Checkouts | Full call number | Barcode | Date last seen | Copy number | Price effective from | Koha item type |
|---|---|---|---|---|---|---|---|---|---|---|---|---|---|---|---|
| Dewey Decimal Classification | London | London | Journal article | 11/09/2001 | ABS64328 | 114515-1001 | 06/08/2019 | 1 | 06/08/2019 | Journal article |